000 00502nam a2200169 i 4500
001 68063
003 ES-MaACL
005 20230906170210.0
007 t|
008 040217s1956 sp ||||1| spa d
100 1 _aGann, Ernest.
_953868
245 1 0 _aCita en Hong-Kong /
_cErnest Gann ; [versión española de Antonio Ribera Jordá].
260 _aBarcelona :
_bExito,
_c[1956] (
_fDuplex)
300 _a334 p. ;
_c20 cm.
700 1 _aRibera, Antonio.
_996769
852 _aES-MaACL
_jC-10482
_bR.38514
999 _c68063
_d68063